| 000 | 01282cam a2200373 a 4500 | ||
|---|---|---|---|
| 001 | data | ||
| 005 | 20260322212112.0 | ||
| 008 | data | ||
| 035 | _a23209584 | ||
| 906 |
_a7 _bcbc _ccopycat _d3 _encip _f20 _gy-nonroman |
||
| 925 | 0 |
_aacquire _b1 shelf copy _xpolicy default |
|
| 955 | _ecm03 2023-07-03 to AMED | ||
| 010 | _a 2022410377 | ||
| 035 | _a(OCoLC)13011604 | ||
| 040 |
_aMIE _beng _cMIE _dDLC _dOCLCQ _dOCLCF _dOCLCQ _dOCLCO _dOCLCQ _dDLC |
||
| 042 | _alccopycat | ||
| 050 | 0 | 0 |
_aHD37.T8 _bB378 1984 |
| 100 | 1 | _aBaşaran, İbrahim Ethem. | |
| 245 | 1 | 0 |
_aYönetime giriş / _cİbrahim Ethem Başaran. |
| 250 | _a1. basım. | ||
| 260 |
_aAnkara : _bAnkara Üniversitesi Basımevi, _c1984. |
||
| 300 |
_a254 pages ; _c24 cm |
||
| 336 |
_atext _btxt _2rdacontent |
||
| 337 |
_aunmediated _bn _2rdamedia |
||
| 338 |
_avolume _bnc _2rdacarrier |
||
| 490 | 1 |
_aAnkara Üniversitesi Eğitim Bilimleri Fakültesi yayınları ; _vno. 135 |
|
| 500 | _aIncludes index. | ||
| 546 | _aIn Turkish. | ||
| 650 | 0 | _aManagement. | |
| 650 | 6 | _aGestion. | |
| 650 | 7 |
_amanagement. _2aat |
|
| 650 | 7 |
_aManagement. _2fast _0(OCoLC)fst01007141 |
|
| 830 | 0 |
_aAnkara Üniversitesi Eğitim Bilimleri Fakültesi yayınları ; _vno. 135. |
|
| 999 |
_c1677 _d1677 |
||